000 00346nam a2200145Ia 4500
100 _aDailley/Denton J
250 _a4
942 _cBK
654 _aoperational
245 _aOperational Amplifiers and Linear Intergrated Circuits
260 _bMc Graw Hill
_aNew York
_c1989
082 _a621.381535
_bDAI
300 _a418
546 _aENGLISH
999 _c24197
_d24197